000 01775cam a22004694i 4500
003 PE-LiUPU
005 20250731173323.0
008 150625s2006 xxu r 000 0 eng d
020 _a9781932096385
035 _a(Sirsi) i9781932096385
040 _aPE-LiUPU
_bspa
_cPE-LiUPU
_erda
049 _aPRUA
082 0 4 _a248.3
_bK79
_221
100 1 _aKraeuter, Tom,
_eautor.
245 1 0 _aBecoming a true worshiper /
_cTom Kraeuter.
264 1 _aHillsboro, MO :
_bEmerald Books,
_c2006.
300 _a112 páginas ;
_c20 centímetros
336 _atext
_2rdacontent
337 _aunmediated
_2rdamedia
338 _avolume
_2rdacarrier
504 _aIncluye notas bibliográficas.
505 0 _aUnderstanding worship -- Worshiping in spirit and truth -- Spiritual blessings and physical obedience -- Our Worship is for God -- Worship as part of life -- Glimpsing the Greatness of God -- Reveling in our Redeemer -- Further thoughts to inspire worship.
526 _aSEG42
526 _aSEG41
526 _aSEG40
526 _aSEG39
526 _aP94
526 _aP87
526 _aP86
526 _aP85
526 _aP77
526 _aP76
526 _aP35
541 _g002-000523;
650 0 4 _aCulto
_xEnseñanza bíblica.
910 _bjv
_clch
_d20080110
942 _2ddc
_cBOOK
949 _a248.3 K79
_wDEWEY
_c1
_i57691
_lCCODEBUL1
_mBUL
_p9.00
_r0
_sY
_tBOOK
_u2015-6-25
_xTEOLOGIA
_zUNKNOWN
_0COMPRA
_o.STAFF. Colección Teología
994 _aC0
_bPEPRU
596 _a1
999 _a248.3 K79
_wDEWEY
_c46696
_i57691
_f2021-11-11
_g5
_lCCODEBUL1
_mBUL
_p9.00
_r0
_sY
_tBOOK
_u2015-6-25
_xTEOLOGIA
_PP35
_0COMPRA
_o.STAFF. Colección Teología
_d46696
980 _81
_gALBERTO SANCHEZ Responsable de Automatización